000 00432nam a2200145 a 4500
001 000033100
005 20200930070028.0
008 110817s1922 dr 000 0 spa d
040 _aDO-SdBNP
_bspa
_cBNPHU
100 1 _aEchavarría, Colón
_957906
245 1 0 _aCanto a la raza y otros poemas /
_cColón Echavaría.
260 _aSanto Domingo :
_bImp. La Cuna de las Américas,
_c1922.
300 _a88 p. ;
_c22 cm.
049 _aBNPD
999 _c32591
_d32591